[Event "FRA-ch"]
[Site "Aix les Bains"]
[Date "2003.08.22"]
[Round "5"]
[White "Guidarelli, Laurent"]
[Black "Bacrot, Etienne"]
[Result "1/2-1/2"]
[WhiteElo "2392"]
[BlackElo "2645"]
[Annotator "Huzman,A"]
[PlyCount "75"]
[EventDate "2003.08.18"]
[EventType "tourn"]
[EventRounds "11"]
[EventCountry "FRA"]
[EventCategory "13"]
[SourceTitle "CBM 097"]
[Source "ChessBase"]
[SourceDate "2003.11.11"]
[SourceVersion "1"]
[SourceVersionDate "2003.11.11"]
[SourceQuality "1"]

1. e4 e5 2. Nf3 d6 3. Bc4 Be7 4. d4 exd4 5. Nxd4 Nf6 6. Nc3 O-O 7. O-O c6 8.
Bb3 (8. Re1 $5) 8... Na6 $1 {Black fully equalize the game neutralizing Bb3.}
9. Qf3 (9. f4 c5 (9... Nc5 $1 10. Qf3 Re8 $15 {[%csl Re4]}) 10. Nf3 Qc7 11. e5
dxe5 12. fxe5 Ng4 13. Nd5 Qd8 14. h3 c4 15. Nxe7+ Qxe7 16. Bxc4 Qc5+ 17. Qd4
Nxe5 18. Qxc5 Nxf3+ 19. Rxf3 Nxc5 20. Be3 $16 {Deutsche Schachzeitung 1852, S.
336; The Chess Player 1852, p. 178. 1/2-1/2 Williams,E-Horwitz,B/London 1852/
EXT 2002 (37)}) 9... Nc5 10. Nf5 Bxf5 (10... b5 11. Be3 (11. e5 dxe5 12. Rd1
Qe8 13. Nxe7+ Qxe7 14. Qxc6 Nxb3 15. axb3 Bg4 16. f3 Bf5 $15) (11. Nxe7+ Qxe7
12. e5 (12. Bg5 b4 13. Bxf6 Qxf6 14. Qxf6 gxf6 15. Ne2 Nxe4 $15) 12... dxe5 13.
Qxc6 Bb7 $17) 11... b4 $140 12. Bxc5 bxc3 13. Bd4 $16) 11. Qxf5 b5 12. Be3 Qc8
$1 13. Qxc8 Rfxc8 14. f3 (14. Bxc5 dxc5 $17 {[%csl Rb3][%cal Yc5c4]}) 14... Bd8
(14... a5 $5 15. a4 (15. Bxc5 dxc5 16. a4 $5 c4 17. Ba2 Rab8 $17 (17... Bc5+
18. Kh1 Bd4 19. axb5 Bxc3 20. b6 $1 Bxb2 21. b7 Bxa1 22. Rxa1 Rcb8 23. bxa8=Q
Rxa8 24. Bxc4 Nd7 25. Kg1 $13)) 15... Nxb3 16. cxb3 b4 17. Ne2 d5 $36 18. Ng3
dxe4 19. Nxe4 Nxe4 20. fxe4 Bf6 $15) 15. Rfd1 Bb6 $11 16. Bf2 Nb7 (16... a5 17.
a3 Nxb3 18. cxb3 Bxf2+ 19. Kxf2 Rd8 20. Rd4 Kf8 21. Rad1 Ke7 22. b4 $11) 17.
Ne2 Bxf2+ 18. Kxf2 Kf8 19. c3 $14 {[%csl Rd6] /=} Nd7 20. Nd4 Ndc5 21. Nf5 Rd8
22. Rd4 g6 23. Ne3 a5 24. Bc2 Ke7 25. h4 Ne6 26. Rd2 Nbc5 $132 {[%cal Yb5b4]}
27. Re1 b4 28. Nc4 Nc7 $1 {[%csl Rc3,Rd6][%cal Yc7b5,Yb5d6,Yb5c3]} 29. Red1 Nb5
30. Nxa5 {This move leads to clear drawing position but counterplay of Black
against pawn c3 demanded this exchange combination.} Rxa5 31. cxb4 Rxa2 32.
bxc5 Rxb2 33. cxd6+ Rxd6 34. Ke1 h6 35. Bd3 Rxd2 (35... Rb4 36. Bxb5 Rxd2 37.
Kxd2 Rxb5 38. Kc3 $11) 36. Rxd2 g5 37. hxg5 hxg5 38. Ke2 1/2-1/2

[Event "Hampstead m"]
[Site "Hampstead"]
[Date "2001.04.18"]
[Round "2"]
[White "Gormally, Daniel"]
[Black "Turner, Matthew"]
[Result "1-0"]
[WhiteElo "2492"]
[BlackElo "2516"]
[Annotator "Huzman,A"]
[PlyCount "79"]
[EventDate "2001.04.17"]
[EventType "match"]
[EventRounds "6"]
[EventCountry "ENG"]
[SourceTitle "CBM 083"]
[Source "ChessBase"]
[SourceDate "2001.07.05"]
[SourceVersion "1"]
[SourceVersionDate "2001.07.05"]
[SourceQuality "1"]

1. e4 e5 2. Nf3 d6 3. d4 exd4 4. Qxd4 Nf6 5. Nc3 Be7 6. Bf4 O-O 7. O-O-O Bg4 8.
Be2 (8. h3 Bxf3 9. gxf3 Nc6 10. Qd2 Ne5 11. Be2 c6 12. Rhg1 Qc7 13. Bg5 Rfe8
14. f4 Ned7 $14 {0-1 Binham,T-Dorfman,J/Helsinki 1986/MCL (88)}) 8... Nc6 9.
Qe3 {[%cal Ge4e5]} Qc8 (9... Nh5 $5 10. Nd5 (10. Bg3 Bf6 11. Nd5 Re8) 10...
Nxf4 11. Qxf4 Ne5 12. Kb1 $14) 10. h3 Bxf3 11. Qxf3 (11. Bxf3 Qe6 12. g4 Ne5
13. g5 Nfd7 14. Nd5 Bd8 15. Bg4 $36) 11... a6 12. g4 Ne5 13. Qg3 Ng6 14. Be3 {
[%cal Gf2f4]} Qe6 15. Bd3 Ne5 16. f4 Nxd3+ 17. cxd3 $16 Ne8 18. f5 Qe5 19. Qf2
Qa5 20. g5 c6 21. h4 (21. f6 gxf6 (21... Bd8 22. h4 b5 23. Kb1 $36) 22. h4 $40)
21... Bd8 22. Kb1 b5 23. h5 b4 24. Ne2 Nc7 25. Nd4 (25. f6 $5 Ne6 26. Nd4 $40)
25... c5 26. Nc2 Qb5 27. Qg3 Ne8 (27... b3 28. Na3 bxa2+ 29. Ka1 Qc6 30. f6 d5
31. fxg7 Re8 32. g6 fxg6 33. hxg6 Qxg6 34. Qh3 $40 Qg3) 28. f6 c4 29. dxc4 Qxc4
30. Nd4 $18 {[%cal Gd4f5]} Bc7 31. Ka1 b3 32. axb3 Qb4 33. fxg7 Nxg7 34. g6
fxg6 35. hxg6 Qa5+ 36. Kb1 Qe5 37. Qxe5 dxe5 38. Rxh7 Rf6 39. Nf5 Rxg6 40.
Rxg7+ 1-0

[Event "HUN-ch 54th"]
[Site "Budapest"]
[Date "2004.08.21"]
[Round "3"]
[White "Balogh, Csaba"]
[Black "Gyimesi, Zoltan"]
[Result "0-1"]
[WhiteElo "2513"]
[BlackElo "2618"]
[Annotator "Huzman,A"]
[PlyCount "56"]
[EventDate "2004.08.19"]
[EventType "tourn"]
[EventRounds "9"]
[EventCountry "HUN"]
[EventCategory "13"]
[SourceTitle "CBM 103"]
[Source "ChessBase"]
[SourceDate "2004.11.11"]
[SourceVersion "1"]
[SourceVersionDate "2004.11.11"]
[SourceQuality "1"]

1. e4 d6 2. d4 Nf6 3. Nc3 e5 4. Nf3 Nbd7 5. g4 Nxg4 6. Rg1 Ngf6 7. Bc4 h6 8.
Be3 c6 9. Qe2 (9. Qd3 Qc7 (9... b5 $5 {Huzman} 10. Bb3 Qc7 $13) 10. O-O-O $32
b5 11. Bxb5 $1 cxb5 12. dxe5 dxe5 13. Nxb5 Qa5 14. Qc4 Rb8 $8 15. a4 Qb4 $1 16.
Nxe5 $1 Qxc4 17. Nxc4 $44 {1/2-1/2 Shirov,A-Azmaiparashvili,Z/Plovdiv 2003/CBM
98/[Huzman] (52)}) 9... b5 10. Bb3 Qa5 $1 {[%mdl 36] Black found a strong plan
which let him take the initiative on the queen's side.} 11. d5 $2 (11. O-O-O
Ba6 $1 12. Nb1 c5 $17) 11... b4 $1 12. dxc6 (12. Na4 Ba6 13. Qd1 Bb5 14. c4
bxc3 15. Nxc3 Nxe4 $19) (12. Nb1 cxd5 13. exd5 Nxd5 $19) 12... bxc3 13. cxd7+
Bxd7 14. O-O-O Rc8 15. Kb1 (15. Qe1 Ba4 16. Bd5 Bxc2 $1 17. Kxc2 Nxd5 18. Rxd5
Qxa2 $19) 15... Qb5 $1 $19 {White has no real chances for counterplay. It is
the victory of Black's strategy!} 16. Qd3 a5 17. Nh4 a4 18. Qxb5 Bxb5 19. Bd5
Nxd5 20. exd5 (20. Rxd5 Bc6 21. Ra5 g5 22. Ng2 Rb8 23. b3 axb3 24. axb3 Bxe4
$19) 20... g6 21. f4 Be7 22. Ng2 cxb2 23. Rge1 a3 24. fxe5 dxe5 25. d6 Bf6 26.
Bd4 (26. Nf4 Kd7 27. Nd5 Bd8 $19) 26... O-O (26... Kd7 27. Bxe5 Ba4 $19) 27.
Bxe5 (27. Bb6 Rc6 28. Bc7 Ba4 29. Re2 Bd8 $19) 27... Ba4 28. Rd2 Bxe5 (28...
Bxe5 29. Rxe5 Rxc2 30. Rxc2 Bxc2+ 31. Kxc2 Rc8+ $19) 0-1

[Event "Bundesliga 0203"]
[Site "Germany"]
[Date "2002.12.15"]
[Round "6.5"]
[White "Hansen, Sune Berg"]
[Black "Maiwald, Jens Uwe"]
[Result "1-0"]
[WhiteElo "2545"]
[BlackElo "2512"]
[Annotator "Huzman,A"]
[PlyCount "89"]
[EventDate "2002.10.19"]
[EventType "team-tourn"]
[EventRounds "15"]
[EventCountry "GER"]
[SourceTitle "CBM 093"]
[Source "ChessBase"]
[SourceDate "2003.04.01"]
[SourceVersion "1"]
[SourceVersionDate "2003.04.01"]
[SourceQuality "1"]
[WhiteTeam "Hamburger SK"]
[BlackTeam "Kreuzberg"]
[WhiteTeamCountry "GER"]
[BlackTeamCountry "GER"]

1. e4 d6 2. d4 Nf6 3. Nc3 e5 4. Nf3 Nbd7 5. Bc4 Be7 6. O-O O-O 7. Re1 c6 8. a4
b6 9. Bg5 a6 10. Ba2 (10. Bb3 Rb8 (10... Bb7 11. Qe2 b5 12. axb5 axb5 13. Rad1
Qc7 14. d5 b4 15. dxc6 Bxc6 16. Nd5 Bxd5 17. Bxd5 Nxd5 18. Rxd5 Bxg5 19. Nxg5
Nf6 20. Rd3 h6 21. Nf3 Rfc8 $11 {0-1 Beudaert,X-Guadalpi,D/France 2001/EXT
2002 (51)}) 11. Qd2 b5 12. axb5 axb5 13. Nd1 c5 14. dxe5 Nxe5 15. Nxe5 dxe5 16.
Qxd8 Rxd8 17. Bxf6 Bxf6 18. Bd5 Bg5 19. Ne3 Be6 20. Red1 $11 {0-1 Gmeiner,
P-Traudes,W/Germany 2002/EXT 2003 (33)}) 10... Rb8 (10... Bb7 11. h3 Re8 12.
Qd2 Qc7 13. Nh4 b5 14. dxe5 dxe5 15. Nf5 b4 16. Nd1 Bf8 17. Bh6 gxh6 18. Nxh6+
Bxh6 19. Qxh6 Kh8 {0-1 Blechar,M-Skeels,J/ICCF Email 2001/ICCF tele 9/2002 (19)
}) (10... h6 11. Be3 Nh7 12. Ne2 Qc7 13. Ng3 Ndf6 14. h3 Rd8 15. c3 Rb8 16. Qc1
Be6 17. dxe5 dxe5 18. Bxe6 fxe6 19. Qc2 $14 {1-0 Braga,F-Hoffman,A/Pico City
1996/EXT 98 (40)}) 11. h3 b5 12. Qd3 Qc7 13. axb5 axb5 14. Ne2 $1 {[%cal Ge2g3,
Gg3f5]} h6 15. Bh4 c5 16. c3 c4 $2 {[%mdl 16384] This move is a great
strategical mistake, in this "Spanish"type position. Black has to play c4 only
after White closes the centre by d4-d5. Now the square c5 is inaccessible for
the Nd7 and Black hasn't real counterplay.} (16... Re8 {/\} 17. d5 c4 18. Qc2
Nc5 $132) 17. Qc2 Ra8 18. b3 g5 19. Bg3 Bb7 20. Nd2 cxb3 21. Bxb3 $16 Qc6 22.
f3 Rfc8 23. Rxa8 Rxa8 24. Rd1 $1 {[%cal Gd2f1,Gf1e3,Ge3f5,Ge3d5]} Qb6 25. Bf2
Qc7 26. Nf1 Nb6 27. Ne3 Nc4 28. Bxc4 $1 bxc4 29. Nf5 Bf8 30. h4 $1 $40 {
The attack of the weakened pawn structure of Black king's side decides the
game in White's favour.} Bc8 (30... g4 31. Be3 gxf3 32. gxf3 Kh7 33. Qd2 $40)
31. Neg3 gxh4 (31... g4 32. fxg4 $5 (32. Qd2 Kh7 33. Be3 gxf3 34. gxf3 Ng8 35.
Kf2 $36) 32... Nxg4 33. Qe2 Nxf2 (33... Nf6 34. Qf3 $40) 34. Qxf2 $16) 32. Nxh4
Nh7 33. Nhf5 Ng5 34. Be3 f6 35. Rf1 $1 {[%cal Gf3f4]} Be6 36. f4 $18 exf4 37.
Bxf4 Bf7 38. Ne3 {[%csl Rf6][%cal Ge3g4,Ge3d5]} Qb7 (38... Be6 $142 39. Nh5 Nh7
40. Qf2 $16) 39. Ng4 $18 Bg7 40. Bxd6 (40. Bxg5 fxg5 41. Nf6+ Bxf6 42. Rxf6 $18
) 40... Bg6 41. Nxf6+ Bxf6 42. Rxf6 Bxe4 43. Qf2 (43. Qe2 $1 $18) 43... Kh7 $6
(43... Qb1+ 44. Kh2 Ra2 45. Ne2 Qd3 46. Rf8+ Kh7 47. Be5 Nf3+ 48. Rxf3 Bxf3 49.
Qg3 Ra7 50. Nf4 $18) 44. Kh2 $1 Bg6 (44... Rg8 45. Nf5 Nf7 (45... Rg6 46. Rxg6
Kxg6 47. Ne7+ Kh7 (47... Kh5 48. g4+ Kxg4 49. Qf4+ Kh5 50. Kg3 $1 $18) 48. Qf8
Qa8 49. Bb8 $18) 46. Ne7 $1 Nxd6 (46... Rxg2+ 47. Qxg2 Bxg2 48. Rxf7+ Kh8 49.
Be5#) 47. Nxg8 $18) (44... Qd7 45. Bf8 Bg6 46. Bxh6 $1 $18) 45. Rxg6 $1 (45.
Rxg6 Kxg6 46. Qf5+ Kg7 47. Nh5+ Kh8 48. Be5+ Kg8 49. Qg6+ Kf8 50. Bd6+ $18) 1-0

[Event "POL Supercup"]
[Site "Warsaw"]
[Date "2002.06.29"]
[Round "1"]
[White "Ivanchuk, Vassily"]
[Black "Urban, Klaudiusz"]
[Result "1-0"]
[WhiteElo "2711"]
[BlackElo "2440"]
[Annotator "Huzman,A"]
[PlyCount "77"]
[EventDate "2002.06.29"]
[EventType "team"]
[EventRounds "2"]
[EventCountry "POL"]
[SourceTitle "CBM 090"]
[Source "ChessBase"]
[SourceDate "2002.09.20"]
[SourceVersion "1"]
[SourceVersionDate "2002.09.20"]
[SourceQuality "1"]
[WhiteTeam "Warsaw Polonia"]
[BlackTeam "Poznan Pocztowiec"]
[WhiteTeamCountry "POL"]
[BlackTeamCountry "POL"]

1. e4 e5 2. Nf3 d6 3. d4 exd4 4. Nxd4 Nf6 5. Nc3 Be7 6. Be2 O-O 7. O-O Re8 8.
Re1 a6 9. Bf1 {White has space advantage. Now he starts a series of
profilactic moves preparing to attack. Black has no real counterplay and may
just look at manouevres of White.} h6 {[%cal Ge1e4,Gc3e4]} (9... Nbd7 10. Nf5
Bf8 11. Bg5 h6 12. Bd2 Kh7 13. Ng3 Nc5 14. Bc4 Bg4 15. f3 Be6 16. Bxe6 Rxe6 17.
Be3 Qe8 18. Bxc5 dxc5 19. f4 Rd8 20. Qf3 Qc6 21. Rad1 {1/2-1/2 Steczkowski,
K-Dobrzynski,W/Zielona Gora 1982/MCD (21)}) 10. b3 Bf8 11. Bb2 Nbd7 12. Qd2 Nc5
13. f3 c6 {[%cal Yd8b6,Yb6g1]} 14. Kh1 $1 a5 {[%cal Ya5a4,Ya4a3]} 15. a3 $1 Qc7
16. Rad1 {[%csl Rd6][%cal Gd1d6]} Bd7 17. Qf4 Nh5 18. Qh4 Nf6 19. Rd2 $1 {
[%cal Gc3d1,Gd1e3,Gd4f5,Ge3f5]} Rad8 20. Nd1 $1 Be7 (20... d5 $5 21. e5 Nh7 22.
Nf2 $36) 21. Qf2 Bc8 22. Rde2 (22. Ne3 $2 Nfxe4 23. fxe4 Nxe4 24. Qe2 Bh4 $17)
22... Bf8 23. Ne3 $16 Ncd7 (23... d5 24. exd5 cxd5 25. Nxd5 $18) 24. Rd1 {
[%cal Gd4f5,Gf5d6,Gd1d6]} g6 25. Qh4 Bg7 26. Ndf5 $1 {[%mdl 516] Typical but
always nice combination.} gxf5 27. Nxf5 Re6 (27... Ne5 28. Nxg7 Kxg7 29. f4
Ned7 30. Re3 (30. g4 $5 Kh7 31. g5 Ng8 32. Qh5 Nf8 33. f5 $40) 30... Re6 31. f5
Re5 32. Rg3+ Kf8 33. Bxe5 dxe5 34. Qxh6+ Ke7 35. Rg7 $16) 28. f4 Nf8 $6 (28...
Kh7 29. Nxg7 Kxg7 30. g4 $40) 29. Nxh6+ Bxh6 30. Qxh6 $18 N8h7 31. Re3 Ne8 (
31... Kh8 32. Rh3 Re5 33. Bxe5 $18) 32. Rg3+ Rg6 33. Rxg6+ fxg6 34. Qxg6+ Ng7
35. Bc4+ d5 36. exd5 cxd5 (36... Kh8 37. Re1 $18) 37. Rxd5 Rxd5 38. Bxd5+ Kh8
39. Qe8+ 1-0

[Event "SCG-ch 1st"]
[Site "Kopaonik"]
[Date "2005.04.14"]
[Round "12"]
[White "Markovic, Miroslav"]
[Black "Pikula, Dejan"]
[Result "0-1"]
[WhiteElo "2509"]
[BlackElo "2485"]
[Annotator "Huzman,A"]
[PlyCount "82"]
[EventDate "2005.04.02"]
[EventType "tourn"]
[EventRounds "13"]
[EventCountry "YUG"]
[EventCategory "11"]
[SourceTitle "CBM 107"]
[Source "ChessBase"]
[SourceDate "2005.08.01"]
[SourceVersion "1"]
[SourceVersionDate "2005.08.01"]
[SourceQuality "1"]

1. e4 d6 2. d4 Nf6 3. Nc3 e5 4. Nf3 Nbd7 5. g4 Nxg4 6. Rg1 Ngf6 7. Bc4 h6 (7...
exd4 8. Qxd4 Nb6 9. e5 Qe7 10. Be3 dxe5 11. Nxe5 Nxc4 12. Nxc4 Be6 13. O-O-O c6
14. Bg5 Rd8 15. Qf4 Bxc4 16. Qxc4 Rxd1+ 17. Rxd1 Qe5 18. Bxf6 {1-0 Solovjov,
S-Kirillova,V/St.Petersburg Chigorin mem 2004 (48)} (18. Qg4 $1 $16)) 8. Be3 c6
9. Qd3 (9. Qe2 b5 10. Bb3 Qa5 $1 (10... a5 11. O-O-O Qc7 12. a4 b4 13. Bxf7+
Kxf7 14. Qc4+ d5 15. exd5 Nb6 16. Qb3 Nfxd5 17. Nxd5 cxd5 18. dxe5 Nc4 19. Rxd5
Be6 20. Qd3 Nxe3 21. fxe3 g5 22. Nh4 Rg8 23. Rf1+ Ke8 24. Nf5 $13 {1-0
Boguslavskyy,O-Mietzner,T/Dresden ZMD-op sp04/9 2004 (41)}) 11. d5 $2 (11.
O-O-O Ba6 $1 12. Nb1 c5 $17) 11... b4 $1 12. dxc6 bxc3 13. cxd7+ Bxd7 14. O-O-O
Rc8 15. Kb1 Qb5 $1 $19 {0-1 Balogh,C-Gyimesi,Z/Budapest 2004/CBM 103/[Huzman] 
(28)}) (9. dxe5 dxe5 10. Qd3 Nh5 11. Bxf7+ Kxf7 12. Nxe5+ Nxe5 13. Qxd8 Nf3+
14. Kd1 Nxg1 15. Kc1 Nh3 16. f4 Bc5 17. Qc7+ Be7 18. Bc5 Re8 19. f5 Kf8 20.
Bxe7+ Rxe7 21. Qd8+ Kf7 22. b3 Nf6 23. Kb2 Ng5 24. Rg1 Rd7 25. Qh8 Re7 26. Qd8
Rd7 27. Qh8 Re7 {1/2-1/2 Shirov,A-Shaw,J/Caleta ENG 2005/(27)}) 9... Qc7 (9...
b5 10. Bb3 a5 11. dxe5 dxe5 12. a4 b4 13. Qc4 Qe7 14. Qxc6 Rb8 15. Nb5 Bb7 16.
Qc7 $16 {0-1 Markovic,M-Runic,Z/Vrnjacka Banja SCG 2004/(64)}) 10. O-O-O a6 (
10... b5 $6 11. Bxb5 $1 cxb5 12. dxe5 dxe5 13. Nxb5 Qa5 14. Qc4 Rb8 15. a4 $1
$44 {1/2-1/2 Shirov,A-Azmaiparashvili,Z/Plovdiv 89/273 2003/Inf 89/[Shirov,A] 
(52)}) 11. dxe5 Nxe5 12. Nxe5 dxe5 13. Na4 Be6 (13... c5 14. Qb3 b5 15. Bxf7+
Qxf7 16. Rd8+ Kxd8 17. Qxf7 bxa4 18. f4 {1-0 Perez Rodriguez,L-Moldovan,D/
Pontevedra op 2004 (18)}) 14. Nc5 Bxc4 (14... Bg4 15. Rd2 b5 16. Bb3 a5 17. a4
$44) 15. Qxc4 b5 $2 {Black weaken square c6 creating by this precondiition of
White combination.} (15... g6 $5 16. Kb1 b6 (16... Bg7 17. Rd2 b5 18. Qb3 $44)
17. Nd3 Bd6 18. f4 $36) 16. Qe2 $6 ({White missed opportunity to decide the
game by nice tactical blow.} 16. Ne6 $1 Qb7 (16... Qd7 17. Nxg7+ $1 Bxg7 18.
Qb3 Qe7 19. Rxg7 Nxe4 20. Qd3 Nf6 21. Qf5 $40) (16... fxe6 17. Qxe6+ Be7 18.
Rxg7 $18) 17. Qb3 g5 (17... g6 18. Nxf8 Kxf8 19. f4 $40) 18. h4 g4 (18... Nxe4
19. f3 Nf6 20. hxg5 $16) 19. Nxf8 Kxf8 20. f4 $1 $40) 16... g6 17. h4 (17. Kb1
Be7 18. Rd3 $44) 17... h5 18. f3 Be7 (18... Bxc5 19. Bxc5 Nd7 20. Bd6 Qa5 21.
Kb1 O-O-O 22. Qe3 Qb6 23. Qb3 Rh7 24. Rg2 $44 {[%cal Gg2d2]}) 19. Qg2 $1 {
[%mdl 4] White detain Ke8 in the centre and their development advantage
becames the main factor in assessment of position.} (19. Qh2 O-O 20. Nd3 Bd6
$13) 19... Rd8 (19... O-O $140 $2 20. Ne6 $16) 20. Rxd8+ Qxd8 (20... Bxd8 21.
Qg3 $1 a5 (21... Nd7 22. Nxd7 Kxd7 23. Qh3+ Ke8 24. Rd1 Be7 25. Qg3 $44 {
[%csl Re8][%cal Gf3f4]}) 22. Rd1 O-O 23. Na6 $1 $16 Qc8 (23... Qe7 24. Bc5 $16)
24. Qxe5 $1 Qxa6 $140 25. Rxd8 $1 Rxd8 26. Qxf6 $18) 21. Qh2 (21. Rd1 Qc7 22.
Qg3 $1 $36) 21... Qc7 (21... Bxc5 22. Qxe5+ $1 Be7 23. Rd1 Qc8 24. Bc5 $18) 22.
Nd3 $2 (22. Nxa6 $1 Qb7 23. Qxe5 Qxa6 24. Bc5 Qb7 25. Rd1 $18) 22... Bd6 23.
Rg5 Nh7 24. Rg2 O-O $15 25. Qg1 Qe7 26. a3 Re8 (26... a5 $5) 27. Kb1 a5 28. Bc5
Bxc5 29. Qxc5 Qf6 $6 (29... Qxc5 30. Nxc5 Kg7 31. Rd2 g5 $17) 30. Rd2 Nf8 31.
Qb6 Rd8 (31... Qxf3 32. Qxc6 Re6 33. Qa8 $132) 32. Qxa5 Qxh4 (32... Ne6 $1 $17)
33. Ka2 Qf6 34. Qc3 Rd4 $17 35. Rf2 Nd7 36. b3 Qd6 (36... c5 $1 $17 {[%cal
Yc5c4]}) 37. f4 exf4 38. Nxf4 Ne5 (38... Nf6 $1 39. Nd5 Nxe4 40. Qxd4 cxd5 $17)
39. Nd5 c5 $2 (39... Rxd5 $1 40. exd5 Qxd5 41. Rd2 Qe6 $17) 40. Rf6 Qd8 41.
Qxc5 $4 {[%mdl 8192]} (41. Rb6 $1 Rxd5 42. exd5 Qxb6 43. Qxe5 $132 {[%cal
Gd5d8]}) (41. Ra6 $5 Kg7 (41... Rxd5 42. exd5 Qxd5 43. Ra5 h4 44. Rxb5 Nd7 45.
a4 g5 46. a5 g4 47. a6 $13) 42. Qxc5 Rxe4 43. Qxb5 h4 $17) 41... Rxd5 0-1

[Event "EU-ch 4th"]
[Site "Istanbul"]
[Date "2003.06.12"]
[Round "12"]
[White "Lagno, Kateryna"]
[Black "Nedev, Trajce"]
[Result "1-0"]
[WhiteElo "2417"]
[BlackElo "2518"]
[Annotator "Huzman,A"]
[PlyCount "75"]
[EventDate "2003.05.30"]
[EventType "swiss"]
[EventRounds "13"]
[EventCountry "TUR"]
[SourceTitle "CBM 096"]
[Source "ChessBase"]
[SourceDate "2003.09.25"]
[SourceVersion "1"]
[SourceVersionDate "2003.09.25"]
[SourceQuality "1"]

1. e4 d6 2. d4 Nf6 3. Nc3 Nbd7 4. Nf3 e5 5. Bc4 Be7 6. O-O O-O 7. Re1 c6 8. a4
a5 9. b3 exd4 10. Qxd4 Ne5 11. Be2 Nfg4 12. Bb2 (12. h3 Nxf3+ 13. Bxf3 Ne5 14.
Be2 f5 15. exf5 (15. Ba3 f4 16. f3 Rf6 17. Kh1 Qe8 18. Nd1 Qh5 $40 {0-1
Besheva,S-Voiska,M/Sofia BUL 2003/(25)}) 15... Bxf5 16. Ne4 d5 17. Ng3 Bg6 18.
Be3 Bf6 19. Qd2 Nf7 20. Rad1 Qc7 21. Bd3 Bxd3 22. Qxd3 Ne5 $15 {1/2-1/2
Degraeve,J-Mitkov,N/Bled 2002/EXT 2003 (43)}) 12... Bf6 13. Qd2 Qb6 (13...
Nxf3+ 14. Bxf3 Be5 15. h3 (15. Bxg4 Bxg4 16. f3 Be6 17. f4 Bf6 18. Nd1 Re8 19.
Bxf6 Qxf6 20. Nf2 d5 $132)) 14. Rf1 Nxf3+ (14... Be6 15. h3 (15. Rab1 $5) 15...
Nxf3+ 16. Bxf3 Ne5 17. Be2 Nc4 18. Bxc4 Bxc4 19. Rfd1 Rad8 20. Nd5 cxd5 21.
Bxf6 gxf6 22. bxc4 dxe4 23. Ra3 $1 $40) 15. Bxf3 Ne5 16. Be2 Be6 17. Kh1 $1 {
[%cal Gf2f4]} (17. Qxd6 Rad8 18. Qa3 Rd2 19. Bd1 Ng6 20. Ne2 Bxb2 21. Qxb2 Rfd8
$44) 17... Nc4 18. Bxc4 Bxc4 19. Rfe1 Be6 20. f4 $1 (20. Nd1 Bxb2 21. Nxb2 Rad8
22. f4 f6 $11) 20... Rad8 21. f5 Bc8 22. Nd1 $1 Be5 (22... Bxb2 $142 23. Nxb2
f6 24. Nc4 Qb4 25. c3 (25. Qxb4 axb4 26. g4 g6 27. Nb6 $14) 25... Qc5 (25...
Qxb3 26. Nxd6 Rd7 27. Reb1 Qf7 28. c4 $1 Qe7 29. c5 $16) 26. Rad1 d5 27. Ne3
Rfe8 28. exd5 cxd5 $132) 23. f6 $1 gxf6 $2 (23... h6 24. fxg7 (24. Rf1 Be6 25.
Bxe5 dxe5 26. Qc3 Qd4 27. Qg3 g6 $13) (24. Rb1 $1 Be6 25. fxg7 Kxg7 26. Bc3 $1
Bxc3 27. Qxc3+ Kh7 28. Ne3 $36) 24... Kxg7 25. Bxe5+ dxe5 26. Qc3 Qd4 27. Qg3+
Kh7 $132) 24. Qh6 $18 {[%cal Ge1e3,Ge3g3]} Rfe8 (24... f5 $142 25. Re3 f4 26.
Bxe5 dxe5 27. Qg5+ Kh8 28. Qxe5+ f6 29. Qxf4 Qd4 30. Nc3 Qd2 31. Rf1 Qxc2 32.
e5 $40) (24... Bxb2 25. Nxb2 Qd4 26. Re3 Bg4 27. c3 Qe5 28. Rg3 $18) 25. Re3
Re6 26. Rh3 f5 27. Qxh7+ Kf8 28. exf5 Rf6 29. Bxe5 dxe5 30. Ne3 Qd4 31. Rf1 b5
(31... Ke7 32. Qg7 $18) 32. axb5 cxb5 33. Qh5 $1 $18 {[%cal Gh5g5]} Qe4 34. Qg5
Ke7 35. Rh6 Rdd6 36. Rxf6 Rxf6 37. Ng4 Qc6 38. Re1 1-0

[Event "EU-ch 4th"]
[Site "Istanbul"]
[Date "2003.06.07"]
[Round "8"]
[White "Nedev, Trajce"]
[Black "Tratar, Marko"]
[Result "1/2-1/2"]
[WhiteElo "2518"]
[BlackElo "2464"]
[Annotator "Huzman,A"]
[PlyCount "96"]
[EventDate "2003.05.30"]
[EventType "swiss"]
[EventRounds "13"]
[EventCountry "TUR"]
[SourceTitle "CBM 096"]
[Source "ChessBase"]
[SourceDate "2003.09.25"]
[SourceVersion "1"]
[SourceVersionDate "2003.09.25"]
[SourceQuality "1"]

1. e4 d6 2. d4 Nf6 3. Nc3 e5 4. Nf3 Nbd7 5. Bc4 Be7 6. O-O O-O 7. Re1 c6 8. a4
a5 9. h3 exd4 10. Qxd4 Nc5 11. Bf4 Be6 12. Rad1 Qb6 13. Bxe6 (13. Bxd6 Bxd6 14.
Qxd6 Rad8 15. Qe7 Rde8 16. Qd6 Rd8 17. Qe7 Rde8 18. Qd6 {1/2-1/2 Prasad,
D-Mitkov,N/Saint Vincent ITA 2003 (18)}) 13... fxe6 14. Bxd6 (14. e5 dxe5 15.
Qxe5 (15. Bxe5 Rad8 16. Qh4 Qb4 17. Bd4 h6 18. b3 Rf7 19. Na2 Qa3 20. Nc1 Rd5
21. Qg3 Bd6 22. Qg6 Ncd7 23. Bxf6 Rxf6 24. Qe4 Qc5 25. c4 Rxd1 26. Rxd1 $11 {
1-0 Pikula,D-Mitkov,N/Pfaeffikon SUI 2003/(58)}) 15... Qxb2 $4 16. Nd5 $1 Qxe5
17. Nxe7+ Kf7 18. Rxe5 $18 {1-0 Battsetseg,T-Sheremetieva,M/Manila 1992/TD (62)
}) 14... Bxd6 15. Qxd6 Rad8 16. Qe5 (16. Qe7 Rde8 17. Qd6 Rd8 18. Qe7 Rde8 {
1/2-1/2 Sermek,D-Mitkov,N/Bled 2002/EXT 2003 (18)}) 16... Nfd7 17. Qd4 Qxb2 18.
Qe3 (18. Rb1 Qxc2 19. Re2 Qd3 20. Qxd3 Nxd3 21. Rxb7 N7c5 22. Rb6 Nb4 (22...
Rb8 23. Rxc6 Rb3 24. Ne1 Rxc3 25. Nxd3 Nxa4 26. Rd6) 23. Ne5 Nd7 24. Nxd7 Rxd7
$11) (18. Re2 Qa3 19. e5 Nb6 (19... h6 $5 20. Red2 Nb6 21. Qxd8 Rxd8 22. Rxd8+
Kh7 23. Ne2 Nbxa4) 20. Qxd8 Rxd8 21. Rxd8+ Kf7 $13 22. Ne4 $1 Nbxa4 (22... Nxe4
23. Rxe4 Qc1+ 24. Kh2) 23. Nd6+ Kg6 24. Rd2 Nc3 $13) 18... Qa3 19. Rb1 $36 {
The poorly located black Q provides White with a clear advantage.} Rb8 (19...
Rf7 $142 20. Red1 Rdf8 21. Nd2 Ne5 22. Ra1 Qb4 23. Na2 Qb6 24. Rab1 Qa7 25. Nb3
b6 26. Nxc5 bxc5 27. Rf1 Rd7 $132) 20. Red1 (20. Nd2 $1 Na6 21. Nc4 Qe7 22.
Nxa5 $16) 20... e5 (20... Rfd8 21. e5 Nf8 22. Rd4 Ng6 23. Nd2 Rxd4 24. Qxd4 Na6
25. Nde4 $36) 21. Nh4 $2 (21. Nd2 $1 Ne6 22. Nc4 Qe7 23. Nxa5 $16) 21... Nf6
22. Nf3 (22. Nf5 $140 Nfxe4 $17) 22... Ncd7 (22... Nfxe4 23. Rb3 $1 Nxb3 24.
Nxe4 $16) 23. Nd2 Qc5 24. Qxc5 Nxc5 25. f3 Nfd7 26. Nc4 b6 27. Rd2 (27. Rb2 Kf7
28. Rdb1 Rfd8 29. Nxb6 Nxb6 30. Rxb6 Rbc8 $132 {[%cal Yd8d4,Yd4a4]}) 27... g6
28. Rdd1 Kf7 29. Rb2 Ke7 30. Rdb1 Rfc8 31. Nxb6 Nxb6 32. Rxb6 Rxb6 33. Rxb6 Kd7
34. Kf2 Kc7 35. Rb1 Rd8 $132 {[%csl Ra4][%cal Yd8d4] The underprotected "c3" N
can't in its turn provide a sufficient protection for the weak "a4" P. The
combination of the two proves enough for Black to equalize the game.} 36. Ke3
Rd4 37. Ra1 Rc4 38. Ra3 g5 39. g3 Ne6 40. Kd2 Rd4+ 41. Kc1 Nc5 42. Ra1 Rc4 43.
Kd2 Rd4+ 44. Ke2 Rc4 45. Ra3 Kd6 46. Kd2 Rd4+ 47. Ke3 Rc4 48. Kd2 Rd4+ 1/2-1/2